000 01022nam a2200265 4500
001 114137
003 DR-UNIBE
005 20251204144244.0
008 251006b2025 dr ||||| |||| 00| 1 spa d
020 _a9789945224498
040 _aBIBLIOTECA UNIBE
_bspa
_cBIBLIOTECA UNIBE
_erda
041 _aspa
090 _aFBIU-EB CI R175ch
100 1 0 _aRamos Miranda, Evelyn
_9194067
_eautor
245 1 3 _aEl charamico mágico de la navidad /
_cEvelyn Ramos Miranda ; ilustraciones, diseño y diagramación: Henry Cid ; colaboradores: Vebus Arthemys Azul Ureña Ramos ;
250 _aPrimera edición
260 _aSanto Domingo :
_bEditora Buhó,
_c2025
300 _a26 páginas :
_bilustraciones ;
_c27 x 21 cm
653 7 _aCuentos infantiles dominicanos
653 7 _aNavidad - Cuentos infantiles dominicanos
653 7 _aLiteratura infantil dominicana
700 1 0 _aCid, Henry
_953412
_eilustrador
_ediseñador
_ediagramador
700 1 0 _aUreña Ramos, Venus Arthemys Azul
_9194072
_ecolaborador
942 _2ddc
_cBK
999 _c114137
_d114137